000 00445nam a2200205Ia 4500
001 14139
003 GE_BSU
008 181216s||||||||xx |||||||||||||| ||und||
020 _a0340685778
040 _cGE_BSU
080 _a821.111-31
100 _aNaylor,Clare
245 _aLove: A User's Guide
260 _aLondon
260 _bCoronet Books
260 _c1997
300 _a297p.18cm.
653 _aLove: A User's Guide
942 _cBK
999 _c47279
_d47279